000
00254nam a22001217a 4500
020
_a
0-14-032919-6
082
_a
821
_b
BRA/W
245
_a
WHAT A WONDERFUL DAY
260
_a
LONDON
_b
PUFFIN BOOKS
300
_a
60
650
_a
POETRY
_z
LONDON
942
_c
BK
999
_c
3896
_d
3896